| 000 | nam a22 a 4500 | ||
|---|---|---|---|
| 999 |
_c4599 _d4599 |
||
| 003 | AKMAL | ||
| 005 | 20170602155226.0 | ||
| 008 | 170602s19 si | e | 000 0 may d | ||
| 020 | _a9971773058 | ||
| 040 | _cAKMAL | ||
| 082 | 0 | 4 |
_a297.124 NAW _222 |
| 090 | 2 | 0 |
_a297.124 _bNAW |
| 100 | 0 |
_aSyed Ahmad Semait _91527 |
|
| 245 | 1 | 0 |
_aKuliah subuh pada membicarakan hadis 40 / _cSyed Ahmad Semait |
| 260 |
_aSingapura : _bPustaka Nasional, _c1996 |
||
| 300 |
_a259ms. ; _c22cm |
||
| 500 | _aMengandungi hadis | ||
| 650 | 1 | 0 |
_aHadith _xCriticism, interpretation, etc. _91782 |
| 942 |
_2ddc _cBOOK |
||